Tjara mendoʼa jang dikabulkan Tuhan (Record no. 85131)

MARC details
000 -LEADER
fixed length control field 00577cam a22002171 4500
001 - CONTROL NUMBER
control field sa 68013476
003 - CONTROL NUMBER IDENTIFIER
control field DLC
005 - DATE AND TIME OF LATEST TRANSACTION
control field 20260227112622.0
008 - FIXED-LENGTH DATA ELEMENTS--GENERAL INFORMATION
fixed length control field 890514q19601968io 000 0 ind
010 ## - LIBRARY OF CONGRESS CONTROL NUMBER
LC control number sa 68013476
035 ## - SYSTEM CONTROL NUMBER
System control number (OCoLC)23544685
040 ## - CATALOGING SOURCE
Original cataloging agency DLC
Transcribing agency MiU
Modifying agency DLC
042 ## - AUTHENTICATION CODE
Authentication code premarc
050 00 - LIBRARY OF CONGRESS CALL NUMBER
Classification number BP184.3
Item number .A34
100 1# - MAIN ENTRY--PERSONAL NAME
Personal name Aḥmad, Bashīruddīn Maḥmūd,
Dates associated with a name 1889-1965.
245 10 - TITLE STATEMENT
Title Tjara mendoʼa jang dikabulkan Tuhan
260 ## - PUBLICATION, DISTRIBUTION, ETC.
Place of publication, distribution, etc. Surabaja,
Name of publisher, distributor, etc. Radja-Pena
Date of publication, distribution, etc. [196-?]
300 ## - PHYSICAL DESCRIPTION
Extent 16 p.
Dimensions 17 cm.
650 #0 - SUBJECT ADDED ENTRY--TOPICAL TERM
Topical term or geographic name entry element Prayer
General subdivision Islam
700 1# - ADDED ENTRY--PERSONAL NAME
Personal name Nahdi, Saleh A.

No items available.

Powered by Koha